Machinery's handbook : a reference book for the mechanical engineer, designer, manufacturing engineer, draftsman, toolmaker, and machinist (Record no. 61015)

000 -LEADER
fixed length control field 00794nam a22002057a 4500
003 - CONTROL NUMBER IDENTIFIER
control field NUST-PNEC
005 - DATE AND TIME OF LATEST TRANSACTION
control field 20170116180712.0
008 - FIXED-LENGTH DATA ELEMENTS--GENERAL INFORMATION
fixed length control field 141014b xxu||||| |||| 00| 0 eng d
020 ## - INTERNATIONAL STANDARD BOOK NUMBER
International Standard Book Number 083111200x
040 ## - CATALOGING SOURCE
Transcribing agency PNEC
082 ## - DEWEY DECIMAL CLASSIFICATION NUMBER
Classification number 621.8020 OBE
100 ## - MAIN ENTRY--PERSONAL NAME
9 (RLIN) 584
Personal name Oberg, Erik
245 ## - TITLE STATEMENT
Title Machinery's handbook : a reference book for the mechanical engineer, designer, manufacturing engineer, draftsman, toolmaker, and machinist
Statement of responsibility, etc. Erik Oberg
250 ## - EDITION STATEMENT
Edition statement 23rd ed.
260 ## - PUBLICATION, DISTRIBUTION, ETC.
Place of publication, distribution, etc. New York :
Name of publisher, distributor, etc. Industrial Press,
Date of publication, distribution, etc. c1988.
300 ## - PHYSICAL DESCRIPTION
Extent xiii, 2511 pages :
Other physical details illustrations ;
Dimensions 19 cm
500 ## - GENERAL NOTE
General note Includes Index http://www.amazon.com/Machinerys-Handbook-23rd-Revised-Oberg/dp/083111200X/ref=sr_1_1?s=books&ie=UTF8&qid=1413286012&sr=1-1&keywords=083111200x
650 ## - SUBJECT ADDED ENTRY--TOPICAL TERM
General subdivision ME
942 ## - ADDED ENTRY ELEMENTS (KOHA)
Source of classification or shelving scheme
Koha item type Book
Holdings
Withdrawn status Lost status Source of classification or shelving scheme Damaged status Not for loan Permanent Location Current Location Shelving location Date acquired Source of acquisition Cost, normal purchase price Total Checkouts Full call number Barcode Date last seen Cost, replacement price Price effective from Koha item type
          Pakistan Navy Engineering College (PNEC) Pakistan Navy Engineering College (PNEC) Reference 03/21/1989 Progressive International Agency 78.00   621.8020 OBE PNECLIB-011821 10/14/2014 78.00 03/21/1989 Book
© 2023 Central Library, National University of Sciences and Technology. All Rights Reserved.